NIRALIS TEXT BOOK OF AGRI-BUSINESSMANAGEMENT (Record no. 289850)

MARC details
000 -LEADER
fixed length control field 00389pam a2200145a 44500
008 - FIXED-LENGTH DATA ELEMENTS--GENERAL INFORMATION
fixed length control field 230405s1995 xxu||||| |||| 00| 0 eng d
041 ## - LANGUAGE CODE
Language code of text/sound track or separate title ENG
100 ## - MAIN ENTRY--PERSONAL NAME
Personal name Dr DESAI S S
245 ## - TITLE STATEMENT
Title NIRALIS TEXT BOOK OF AGRI-BUSINESSMANAGEMENT
250 ## - EDITION STATEMENT
Edition statement 1 Ed.
260 ## - PUBLICATION, DISTRIBUTION, ETC.
Place of publication, distribution, etc. PUNE
Name of publisher, distributor, etc. NIRALI PRAKASHAN
Date of publication, distribution, etc. 1995
440 ## - SERIES STATEMENT/ADDED ENTRY--TITLE
Title FRINDA BOOK CENTREL, PUNE, B-3633
700 ## - ADDED ENTRY--PERSONAL NAME
Personal name BHALERAO NIRMAL
906 ## - LOCAL DATA ELEMENT F, LDF (RLIN)
a 972

No items available.